[Event "Paracin Prestige op"]
[Site "Paracin"]
[Date "2024.01.16"]
[Round "2"]
[White "Velikov, Nikola"]
[Black "Dvalishvili, Pavel S"]
[Result "0-1"]
[WhiteElo "1919"]
[BlackElo "2383"]
[PlyCount "65"]
[EventDate "2024.01.15"]
[EventType "swiss"]
[EventRounds "9"]
[EventCountry "SRB"]
[SourceTitle "CB05_2024"]
[SourceDate "2024.01.31"]
[SourceVersion "1"]
[SourceVersionDate "2024.01.31"]
[SourceQuality "1"]

1. e4 e5 2. Nf3 Nc6 3. Bb5 Nge7 4. 0-0 d6 5. c3 Bd7 6. d4 Ng6 7. Be3 Be7 8. Nbd2 0-0 9. a4 a6 10. Bc4 Kh8 11. dxe5 Ncxe5 12. Nxe5 Nxe5 13. Be2 f5 14. exf5 Bxf5 15. Nc4 Nxc4 16. Bxc4 c6 17. Bd3 Qd7 18. Qc2 d5 19. Rad1 b5 20. Rfe1 Bd6 21. Bd4 Kg8 22. Bxf5 Rxf5 23. axb5 axb5 24. Qe2 c5 25. Be3 Re8 26. g3 Rfe5 27. Qf3 Qc6 28. Rd2 Rf8 29. Qg2 h5 30. Red1 Rff5 31. h4 Re4 32. Kh1 Bc7 33. Qh3 0-1

[Event "Paracin op 16th"]
[Site "Paracin"]
[Date "2023.07.13"]
[Round "7"]
[White "Dvalishvili, Pavel S"]
[Black "Marjanovic, Rastko"]
[Result "1-0"]
[WhiteElo "2394"]
[BlackElo "2072"]
[PlyCount "111"]
[EventDate "2023.07.07"]
[EventType "swiss"]
[EventRounds "9"]
[EventCountry "SRB"]
[SourceTitle "EXT 2024"]
[Source "ChessBase"]
[SourceDate "2023.10.10"]
[SourceVersion "1"]
[SourceVersionDate "2023.10.10"]
[SourceQuality "1"]

1. e4 e5 2. Nf3 Nc6 3. Bb5 a6 4. Ba4 Nge7 5. 0-0 g6 6. d4 exd4 7. Nxd4 Bg7 8. Nxc6 Nxc6 9. Nc3 0-0 10. Bf4 b5 11. Bb3 Na5 12. Qd2 Nxb3 13. axb3 Bb7 14. Bg5 f6 15. Bh6 Bxh6 16. Qxh6 Qe7 17. Rfe1 Rae8 18. Qd2 Qf7 19. Qd4 d6 20. b4 f5 21. f3 fxe4 22. Nxe4 Qg7 23. Qxg7+ Kxg7 24. Ng5 Bc8 25. Kf2 h6 26. Ne4 Bb7 27. Nd2 Kf7 28. Rxe8 Rxe8 29. Ra3 c5 30. Rd3 Ke7 31. Re3+ Kd7 32. Rxe8 Kxe8 33. c3 Bd5 34. Ke3 Ke7 35. h4 g5 36. hxg5 hxg5 37. Ne4 cxb4 38. cxb4 g4 39. fxg4 Ke6 40. Kd4 Ba8 41. g3 Bc6 42. g5 Kf5 43. Nxd6+ Kxg5 44. Kc5 Bd7 45. Kb6 Kg4 46. Kxa6 Kxg3 47. Nxb5 Kf4 48. Kb6 Ke3 49. Kc5 Kd3 50. Nd4 Bc8 51. b5 Bb7 52. b4 Kc3 53. Nc6 Ba8 54. Na5 Kb2 55. b6 Ka3 56. b7 1-0

[Event "Paracin op 16th"]
[Site "Paracin"]
[Date "2023.07.11"]
[Round "5"]
[White "Dvalishvili, Pavel S"]
[Black "Granovskiy, Alexandr"]
[Result "1/2-1/2"]
[WhiteElo "2394"]
[BlackElo "2143"]
[PlyCount "71"]
[EventDate "2023.07.07"]
[EventType "swiss"]
[EventRounds "9"]
[EventCountry "SRB"]
[SourceTitle "EXT 2024"]
[Source "ChessBase"]
[SourceDate "2023.10.10"]
[SourceVersion "1"]
[SourceVersionDate "2023.10.10"]
[SourceQuality "1"]

1. e4 e5 2. Nf3 Nc6 3. Bb5 a6 4. Ba4 Nf6 5. Bxc6 dxc6 6. Nc3 Bd6 7. d3 Qe7 8. h3 Be6 9. Be3 Nd7 10. Ng5 Nf8 11. Nxe6 Nxe6 12. Ne2 Bc5 13. Bxc5 Qxc5 14. Qd2 0-0-0 15. Rf1 Nd4 16. 0-0-0 f6 17. f4 Rhe8 18. fxe5 Rxe5 19. Nxd4 Qxd4 20. Qf2 Qxf2 21. Rxf2 c5 22. b3 b5 23. c4 c6 24. Kc2 Kc7 25. Rdf1 bxc4 26. bxc4 Rb8 27. Rf5 Kd6 28. g4 Rb4 29. h4 Ra4 30. Kb3 Rb4+ 31. Kc3 Ra4 32. Rxe5 Kxe5 33. Rf5+ Kd6 34. Kb2 Rb4+ 35. Kc1 Ra4 36. Kb2 1/2-1/2

[Event "Paracin op 16th"]
[Site "Paracin"]
[Date "2023.07.10"]
[Round "4"]
[White "Raahul, VS."]
[Black "Dvalishvili, Pavel S"]
[Result "1-0"]
[WhiteElo "2319"]
[BlackElo "2394"]
[PlyCount "101"]
[EventDate "2023.07.07"]
[EventType "swiss"]
[EventRounds "9"]
[EventCountry "SRB"]
[SourceTitle "EXT 2024"]
[Source "ChessBase"]
[SourceDate "2023.10.10"]
[SourceVersion "1"]
[SourceVersionDate "2023.10.10"]
[SourceQuality "1"]

1. d4 Nf6 2. c4 e6 3. Nc3 Bb4 4. e3 Bxc3+ 5. bxc3 c5 6. Bd3 Nc6 7. Ne2 d6 8. 0-0 e5 9. d5 Ne7 10. Ng3 h5 11. f4 exf4 12. Rxf4 h4 13. Ne4 Nxe4 14. Bxe4 h3 15. g3 Qa5 16. Qb3 Qc7 17. Bd2 Bd7 18. Raf1 f6 19. g4 0-0-0 20. Be1 Be8 21. Qc2 Rh6 22. Bg3 Ng6 23. g5 fxg5 24. Bf5+ Kb8 25. Rg4 Nh4 26. Bxh4 gxh4 27. Qe4 g6 28. Be6 Qe7 29. Qf4 Rh7 30. e4 Bd7 31. Rxg6 Rg7 32. Qh6 Rxg6+ 33. Qxg6 Bc8 34. Rf7 Qe8 35. Bxc8 Kxc8 36. Qf5+ Kb8 37. Qf6 Ka8 38. Kf2 Rb8 39. Ke3 a6 40. Qe7 Qh8 41. Kd3 Qh5 42. Rf1 Qg6 43. Qxh4 Re8 44. Qf4 Qg2 45. Re1 Qxa2 46. Qxd6 Rc8 47. Rf1 Ka7 48. Qg3 b5 49. cxb5 axb5 50. Qg7+ Ka8 51. Qd7 1-0

[Event "Moscow City Team-ch"]
[Site "Moscow"]
[Date "2021.09.15"]
[Round "5"]
[White "Gurvich, Vitaly"]
[Black "Dvalishvili, Pavel S"]
[Result "1/2-1/2"]
[WhiteElo "2253"]
[BlackElo "2400"]
[PlyCount "55"]
[EventDate "2021.09.11"]
[EventType "team-swiss"]
[EventRounds "7"]
[EventCountry "RUS"]
[SourceTitle "EXT 2022"]
[Source "ChessBase"]
[SourceDate "2021.10.06"]
[SourceVersion "1"]
[SourceVersionDate "2021.10.06"]
[SourceQuality "1"]

1. e4 c5 2. Nf3 e6 3. d4 cxd4 4. Nxd4 a6 5. Bd3 g6 6. Nc3 Bg7 7. Be3 Ne7 8. f4 Nbc6 9. Nxc6 Nxc6 10. 0-0 0-0 11. Qd2 d5 12. Bc5 Re8 13. exd5 exd5 14. Rae1 Rxe1 15. Rxe1 Be6 16. Ne2 Qc7 17. b3 Bh6 18. Be3 d4 19. Bf2 Bg4 20. Be4 Bxe2 21. Qxe2 Bxf4 22. g3 Be3 23. Bxe3 dxe3 24. Qxe3 Re8 25. Qf2 Qa5 26. Rf1 f5 27. Bxc6 bxc6 28. c4 1/2-1/2

[Event "Moscow-ch blitz 74th"]
[Site "Moscow"]
[Date "2020.11.04"]
[Round "7"]
[White "Dvalishvili, Pavel S"]
[Black "Gubajdullin, Alexey"]
[Result "1-0"]
[WhiteElo "2400"]
[BlackElo "2343"]
[PlyCount "93"]
[EventDate "2020.11.04"]
[EventType "tourn (blitz)"]
[EventRounds "15"]
[EventCountry "RUS"]
[EventCategory "9"]
[SourceTitle "CBM 199 Extra"]
[Source "ChessBase"]
[SourceDate "2021.01.31"]
[SourceVersion "1"]
[SourceVersionDate "2021.01.31"]
[SourceQuality "1"]

1. c4 Nf6 2. g3 g6 3. Bg2 Bg7 4. Nc3 0-0 5. b4 Nc6 6. Rb1 Nh5 7. Nf3 f5 8. 0-0 f4 9. b5 Nd4 10. Nxd4 Bxd4 11. e3 fxe3 12. fxe3 Rxf1+ 13. Qxf1 Bxc3 14. dxc3 d6 15. c5 dxc5 16. Qc4+ Kg7 17. Ba3 Rb8 18. Qxc5 Qd6 19. Qxa7 Qd3 20. Qd4+ Qxd4 21. cxd4 Ra8 22. Bxe7 Rxa2 23. Rc1 Nf6 24. Bxf6+ Kxf6 25. h3 Bf5 26. g4 Bd3 27. Rxc7 Bxb5 28. Bxb7 h5 29. gxh5 gxh5 30. Rc5 Be2 31. Be4 Rb2 32. Rc2 Rb1+ 33. Kf2 Bb5 34. Rc6+ Bxc6 35. Bxb1 h4 36. Bd3 Bd7 37. Bf1 Bf5 38. Bg2 Bc2 39. e4 Kg5 40. Ke3 Bb3 41. d5 Ba2 42. e5 Kf5 43. Kd4 Kf4 44. d6 Be6 45. Bd5 Bxh3 46. e6 Bg4 47. d7 1-0

[Event "Moscow-ch blitz 74th"]
[Site "Moscow"]
[Date "2020.11.04"]
[Round "12"]
[White "Dvalishvili, Pavel S"]
[Black "Rychagov, Andrey"]
[Result "1-0"]
[WhiteElo "2400"]
[BlackElo "2545"]
[PlyCount "58"]
[EventDate "2020.11.04"]
[EventType "tourn (blitz)"]
[EventRounds "15"]
[EventCountry "RUS"]
[EventCategory "9"]
[SourceTitle "CBM 199 Extra"]
[Source "ChessBase"]
[SourceDate "2021.01.31"]
[SourceVersion "1"]
[SourceVersionDate "2021.01.31"]
[SourceQuality "1"]

1. e4 c5 2. b3 d6 3. Bb2 Nc6 4. Bb5 Bd7 5. f4 a6 6. Bxc6 Bxc6 7. Qe2 e6 8. Nf3 Nf6 9. Nc3 Be7 10. d4 cxd4 11. Nxd4 Qc7 12. 0-0-0 0-0-0 13. g4 Nd7 14. f5 Rhe8 15. fxe6 Bg5+ 16. Kb1 fxe6 17. h4 Bf6 18. g5 Be5 19. Qg4 Nc5 20. Nd5 Bxd5 21. exd5 Qd7 22. dxe6 Nxe6 23. Nf5 Bxb2 24. Nxd6+ Kb8 25. Nxe8 Qc6 26. Rxd8+ Nxd8 27. Rd1 Qxe8 28. Kxb2 Qe5+ 29. Qd4 Kc8 1-0

[Event "Moscow Aeroflot op-B"]
[Site "Moscow"]
[Date "2020.02.27"]
[Round "9"]
[White "Charochkina, Daria"]
[Black "Dvalishvili, Pavel S"]
[Result "1-0"]
[WhiteElo "2349"]
[BlackElo "2416"]
[PlyCount "35"]
[EventDate "2020.02.19"]
[EventType "swiss"]
[EventRounds "9"]
[EventCountry "RUS"]
[SourceTitle "CBM 195 Extra"]
[Source "ChessBase"]
[SourceDate "2020.05.31"]
[SourceVersion "1"]
[SourceVersionDate "2020.05.31"]
[SourceQuality "1"]

1. d4 Nf6 2. c4 e6 3. Nc3 Bb4 4. e3 Bxc3+ 5. bxc3 c5 6. Bd3 Nc6 7. Ne2 e5 8. d5 Ne7 9. e4 d6 10. Ng3 h6 11. 0-0 g5 12. Bc2 Bg4 13. f3 Bc8 14. Nf5 Nxf5 15. exf5 Kf8 16. Be3 Qa5 17. Qd2 Bd7 18. h4 1-0

[Event "Moscow Aeroflot op-B"]
[Site "Moscow"]
[Date "2020.02.26"]
[Round "8"]
[White "Dvalishvili, Pavel S"]
[Black "Suleymenov, Alisher"]
[Result "0-1"]
[WhiteElo "2416"]
[BlackElo "2382"]
[PlyCount "152"]
[EventDate "2020.02.19"]
[EventType "swiss"]
[EventRounds "9"]
[EventCountry "RUS"]
[SourceTitle "CBM 195 Extra"]
[Source "ChessBase"]
[SourceDate "2020.05.31"]
[SourceVersion "1"]
[SourceVersionDate "2020.05.31"]
[SourceQuality "1"]

1. e4 c5 2. Nf3 d6 3. d4 cxd4 4. Nxd4 Nf6 5. Nc3 a6 6. f4 e5 7. Nf3 Nbd7 8. Bc4 Be7 9. 0-0 b5 10. Bd5 Rb8 11. a3 0-0 12. Qe2 Bb7 13. Bxb7 Qb6+ 14. Kh1 Qxb7 15. fxe5 dxe5 16. Bg5 Rfe8 17. Rad1 Bf8 18. Nh4 Re6 19. Nf5 g6 20. Ne3 Bg7 21. Rf3 h6 22. Bxf6 Rxf6 23. Ncd5 Rxf3 24. Qxf3 Nb6 25. h4 Nxd5 26. Nxd5 h5 27. g4 hxg4 28. Qxg4 Kf8 29. h5 gxh5 30. Qxh5 Re8 31. Rd3 Re6 32. Qf5 Qc8 33. Ne3 Qc7 34. Qf2 Qc6 35. Rd8+ Re8 36. Rd3 Qg6 37. Nf5 Qh5+ 38. Kg1 Qg5+ 39. Qg2 Qc1+ 40. Kh2 Bh6 41. Rd6 Bg5 42. c3 Re6 43. Rxe6 fxe6 44. Ng3 Qf4 45. Kg1 Qe3+ 46. Qf2+ Ke7 47. Qxe3 Bxe3+ 48. Kf1 Bc1 49. b4 Bd2 50. Ne2 Kf6 51. Kf2 Kg5 52. Kg3 Kh5 53. Kf3 Kh4 54. Kg2 Kg4 55. Kf2 Bg5 56. Ng3 Bd2 57. Ne2 Bh6 58. Ng3 Kf4 59. Nh5+ Kxe4 60. Ke2 Kd5 61. Nf6+ Kc4 62. Ne4 Bc1 63. Kd1 Bxa3 64. Kc2 Bxb4 65. Nd2+ Kc5 66. Nb3+ Kc4 67. Nd2+ Kc5 68. Nb3+ Kd5 69. cxb4 Kc4 70. Nc5 a5 71. Nd3 e4 72. Ne5+ Kxb4 73. Nc6+ Ka4 74. Kc3 b4+ 75. Kc4 e3 76. Kd3 b3 0-1

[Event "Moscow Aeroflot op-B"]
[Site "Moscow"]
[Date "2020.02.21"]
[Round "3"]
[White "Zhukov, Anton"]
[Black "Dvalishvili, Pavel S"]
[Result "1/2-1/2"]
[WhiteElo "2316"]
[BlackElo "2416"]
[PlyCount "30"]
[EventDate "2020.02.19"]
[EventType "swiss"]
[EventRounds "9"]
[EventCountry "RUS"]
[SourceTitle "CBM 195"]
[Source "ChessBase"]
[SourceDate "2020.04.30"]
[SourceVersion "1"]
[SourceVersionDate "2020.04.30"]
[SourceQuality "1"]

1. d4 Nf6 2. c4 e6 3. Nf3 b6 4. g3 Bb7 5. Bg2 Bb4+ 6. Bd2 Bxd2+ 7. Qxd2 d6 8. 0-0 0-0 9. Nc3 Ne4 10. Qc2 Nxc3 11. Qxc3 Nd7 12. Rfd1 Nf6 13. Rac1 Qe7 14. Nd2 Bxg2 15. Kxg2 c5 1/2-1/2

[Event "Moscow Aeroflot op-B"]
[Site "Moscow"]
[Date "2020.02.20"]
[Round "2"]
[White "Dvalishvili, Pavel S"]
[Black "Pranav, Anand"]
[Result "1/2-1/2"]
[WhiteElo "2416"]
[BlackElo "2309"]
[PlyCount "113"]
[EventDate "2020.02.19"]
[EventType "swiss"]
[EventRounds "9"]
[EventCountry "RUS"]
[SourceTitle "CBM 195"]
[Source "ChessBase"]
[SourceDate "2020.04.30"]
[SourceVersion "1"]
[SourceVersionDate "2020.04.30"]
[SourceQuality "1"]

1. e4 e5 2. Nf3 Nc6 3. Bb5 a6 4. Ba4 Nf6 5. Qe2 Be7 6. c3 b5 7. Bc2 d5 8. exd5 Nxd5 9. Nxe5 Nxe5 10. Qxe5 0-0 11. 0-0 Bd6 12. Qh5 g6 13. Qf3 Bb7 14. Be4 Re8 15. d3 Rb8 16. Nd2 c6 17. Nb3 Qc7 18. Qh3 c5 19. Bf3 f5 20. Bg5 Re6 21. d4 c4 22. Nc5 Bxc5 23. dxc5 Qxc5 24. Rad1 Rbe8 25. Qh4 Bc6 26. h3 a5 27. a3 Re5 28. Bh6 R5e6 29. Rd2 Nf6 30. Be3 Qf8 31. Bxc6 Rxc6 32. Rfd1 Rce6 33. Bh6 Qe7 34. Bg5 Qc7 35. Bf4 Qe7 36. Bg5 Qc7 37. Be3 Qf7 38. Rd8 Qe7 39. Rxe8+ Qxe8 40. a4 Kf7 41. Bd4 h5 42. Bxf6 Rxf6 43. Rd5 bxa4 44. Qxc4 Kg7 45. Qd4 Qe1+ 46. Kh2 Qe4 47. Rd7+ Kh6 48. Qd2+ g5 49. Rd4 Qe5+ 50. Kg1 Re6 51. g3 Qe1+ 52. Qxe1 Rxe1+ 53. Kg2 Ra1 54. Rd5 a3 55. bxa3 Rxa3 56. Rxf5 Rxc3 57. Rxa5 1/2-1/2

[Event "Moscow Aeroflot op-B"]
[Site "Moscow"]
[Date "2020.02.19"]
[Round "1"]
[White "Samadov, Read"]
[Black "Dvalishvili, Pavel S"]
[Result "1/2-1/2"]
[WhiteElo "2273"]
[BlackElo "2416"]
[PlyCount "36"]
[EventDate "2020.02.19"]
[EventType "swiss"]
[EventRounds "9"]
[EventCountry "RUS"]
[SourceTitle "CBM 195"]
[Source "ChessBase"]
[SourceDate "2020.04.30"]
[SourceVersion "1"]
[SourceVersionDate "2020.04.30"]
[SourceQuality "1"]

1. d4 Nf6 2. c4 e6 3. g3 c5 4. Nf3 cxd4 5. Nxd4 a6 6. Bg2 Qc7 7. Nd2 Bc5 8. N2b3 Be7 9. Bd2 Nc6 10. Rc1 0-0 11. 0-0 Nxd4 12. Nxd4 d6 13. e4 Nd7 14. b3 b6 15. e5 Bb7 16. exd6 Bxd6 17. Bxb7 Qxb7 18. Qf3 Qxf3 1/2-1/2

[Event "Moscow blitz 73rd"]
[Site "Moscow"]
[Date "2019.09.07"]
[Round "15"]
[White "Riazantsev, Alexander"]
[Black "Dvalishvili, Pavel S"]
[Result "0-1"]
[WhiteElo "2645"]
[BlackElo "2414"]
[PlyCount "58"]
[EventDate "2019.09.07"]
[EventType "tourn (blitz)"]
[EventRounds "17"]
[EventCountry "RUS"]
[EventCategory "13"]
[SourceTitle "EXT 2020"]
[Source "ChessBase"]
[SourceDate "2019.10.17"]
[SourceVersion "1"]
[SourceVersionDate "2019.10.17"]
[SourceQuality "1"]

1. d4 c5 2. d5 g6 3. c4 Bg7 4. e4 d6 5. Nc3 Nf6 6. Be2 0-0 7. Be3 e6 8. Nf3 exd5 9. cxd5 Re8 10. Nd2 Na6 11. 0-0 Nc7 12. a4 a6 13. h3 Rb8 14. a5 Bd7 15. Bf4 Bb5 16. Re1 Bxe2 17. Rxe2 Nb5 18. Nc4 Nxc3 19. bxc3 Nxe4 20. Qd3 Nxc3 21. Ree1 Ne2+ 22. Rxe2 Rxe2 23. Qxe2 Bxa1 24. Bxd6 Ra8 25. Qf3 Qf6 26. Qxf6 Bxf6 27. Bc7 Re8 28. f4 Re4 29. Nb6 c4 0-1

[Event "Moscow-ch final"]
[Site "Moscow"]
[Date "2019.04.07"]
[Round "9"]
[White "Golubov, Saveliy"]
[Black "Dvalishvili, Pavel S"]
[Result "1-0"]
[WhiteElo "2462"]
[BlackElo "2407"]
[PlyCount "77"]
[EventDate "2019.03.30"]
[EventType "swiss"]
[EventRounds "9"]
[EventCountry "RUS"]
[SourceTitle "CBM 189 Extra"]
[Source "ChessBase"]
[SourceDate "2019.06.03"]
[SourceVersion "1"]
[SourceVersionDate "2019.06.03"]
[SourceQuality "1"]

1. e4 e5 2. f4 exf4 3. Nc3 d6 4. Bc4 Qh4+ 5. Kf1 Be6 6. Qe2 c6 7. d4 Nf6 8. Nf3 Bxc4 9. Qxc4 Qg4 10. h3 Qd7 11. Bxf4 Be7 12. Kf2 0-0 13. Rhe1 Na6 14. Kg1 d5 15. exd5 cxd5 16. Qb5 Bb4 17. Qd3 Bxc3 18. bxc3 Rac8 19. Rab1 Qc6 20. Re7 Qxc3 21. Rbxb7 Qxd3 22. cxd3 Nb8 23. Bxb8 Rxb8 24. Rxa7 Rb1+ 25. Kh2 h6 26. Ne5 Re1 27. Rxf7 Rxf7 28. Nxf7 Nh5 29. Nd6 Re2 30. Nf5 Kf8 31. a4 g5 32. Ra8+ Kf7 33. Nxh6+ Kg6 34. Ra6+ Kh7 35. Nf7 Nf4 36. Nxg5+ Kg7 37. Kg3 Nxg2 38. Ne6+ Kf7 39. Nf4 1-0

[Event "Moscow-ch final"]
[Site "Moscow"]
[Date "2019.04.04"]
[Round "6"]
[White "Dvalishvili, Pavel S"]
[Black "Zakhartsov, Vladimir"]
[Result "1/2-1/2"]
[WhiteElo "2407"]
[BlackElo "2503"]
[PlyCount "58"]
[EventDate "2019.03.30"]
[EventType "swiss"]
[EventRounds "9"]
[EventCountry "RUS"]
[SourceTitle "CBM 189 Extra"]
[Source "ChessBase"]
[SourceDate "2019.06.03"]
[SourceVersion "1"]
[SourceVersionDate "2019.06.03"]
[SourceQuality "1"]

1. Nf3 Nf6 2. g3 d5 3. Bg2 c5 4. 0-0 e6 5. c4 d4 6. e3 Nc6 7. exd4 cxd4 8. d3 Be7 9. Bg5 0-0 10. Nbd2 h6 11. Bxf6 Bxf6 12. a3 a5 13. Ne1 e5 14. Nc2 Be7 15. Re1 Bf5 16. Bxc6 bxc6 17. Qf3 Be6 18. Qxc6 Rc8 19. Qf3 f6 20. b4 Qd7 21. bxa5 Bg4 22. Qe4 Bf5 23. Qf3 Bg4 24. Qe4 Bf5 25. Qf3 Bg4 26. Qe4 Bf5 27. Qf3 Bg4 28. Qe4 Bf5 29. Qf3 Bg4 1/2-1/2

[Event "Moscow-ch final"]
[Site "Moscow"]
[Date "2019.03.30"]
[Round "1"]
[White "Fedorov, Nikita1111"]
[Black "Dvalishvili, Pavel S"]
[Result "0-1"]
[WhiteElo "2030"]
[BlackElo "2407"]
[PlyCount "164"]
[EventDate "2019.03.30"]
[EventType "swiss"]
[EventRounds "9"]
[EventCountry "RUS"]
[SourceTitle "CBM 189 Extra"]
[Source "ChessBase"]
[SourceDate "2019.06.03"]
[SourceVersion "1"]
[SourceVersionDate "2019.06.03"]
[SourceQuality "1"]

1. e4 c5 2. Nf3 d6 3. Bb5+ Bd7 4. Bxd7+ Nxd7 5. 0-0 Ngf6 6. Re1 e6 7. c3 Be7 8. d4 cxd4 9. cxd4 d5 10. e5 Ne4 11. Nbd2 Nxd2 12. Bxd2 0-0 13. Qb3 Qb6 14. Rec1 Rfc8 15. Qa4 Rc6 16. Rc2 Rac8 17. Rac1 Nb8 18. Rxc6 Rxc6 19. Rxc6 Nxc6 20. Bc3 h5 21. Qd1 Qa6 22. a3 Qc4 23. Nd2 Qd3 24. Qb1 Qe2 25. Nf3 g5 26. Qe1 Qc2 27. Qd2 Qb1+ 28. Qe1 Qf5 29. Qd1 b5 30. Ne1 a5 31. Nc2 b4 32. axb4 axb4 33. Be1 g4 34. b3 Qe4 35. f3 gxf3 36. gxf3 Qf5 37. Bf2 Bg5 38. Ne1 Qf4 39. Qd3 Qc1 40. Kg2 Ne7 41. Qc2 Nc6 42. Qxc1 Bxc1 43. Nd3 Bd2 44. Kf1 Bc3 45. f4 Kh7 46. Ke2 Kg6 47. Kf3 Kf5 48. h3 Kg6 49. Be3 Kf5 50. h4 Na5 51. Nc1 Be1 52. Nd3 Bxh4 53. Nxb4 Be7 54. Nd3 Nxb3 55. Ne1 h4 56. Nd3 Na5 57. Nf2 Nc6 58. Ng4 Bd8 59. Bf2 Kg6 60. Kg2 Bb6 61. Bxh4 Bxd4 62. Kf3 Bb2 63. Bf2 Bd4 64. Be1 Bb6 65. Bc3 Ba5 66. Bxa5 Nxa5 67. Ne3 Nb3 68. f5+ Kg5 69. fxe6 fxe6 70. Kg3 Nd4 71. Kf2 Nc6 72. Nc2 Kf4 73. Ke2 Ke4 74. Ne3 Nxe5 75. Nd1 d4 76. Nf2+ Kd5 77. Kd2 Nc4+ 78. Ke2 e5 79. Nd3 e4 80. Nf2 Ne5 81. Nd1 d3+ 82. Kd2 Kd4 0-1

[Event "Moscow op-A 15th"]
[Site "Moscow"]
[Date "2019.02.03"]
[Round "9"]
[White "Dvalishvili, Pavel S"]
[Black "Proleiko, Julian"]
[Result "1-0"]
[WhiteElo "2396"]
[BlackElo "2105"]
[PlyCount "164"]
[EventDate "2019.01.26"]
[EventType "swiss"]
[EventRounds "9"]
[EventCountry "RUS"]
[SourceTitle "CBM 188 Extra"]
[Source "ChessBase"]
[SourceDate "2019.02.26"]
[SourceVersion "1"]
[SourceVersionDate "2019.02.26"]
[SourceQuality "1"]

1. c4 Nf6 2. Nc3 e5 3. g3 Bb4 4. Bg2 0-0 5. e4 Bxc3 6. bxc3 d6 7. Ne2 a6 8. a4 Nbd7 9. 0-0 Rb8 10. d3 b5 11. axb5 axb5 12. cxb5 Rxb5 13. Qc2 Nc5 14. Ra8 Qe7 15. Ba3 Nfd7 16. d4 Ne6 17. Rb1 Rxb1+ 18. Qxb1 c5 19. d5 Nc7 20. Ra7 Qd8 21. Bh3 Nf6 22. Bxc8 Qxc8 23. f3 Nfe8 24. g4 g6 25. Ng3 Qd8 26. Bc1 f6 27. Bh6 Rf7 28. Qb7 Re7 29. h4 Kf7 30. c4 Ng7 31. Qb6 Qd7 32. Bxg7 Kxg7 33. Qb8 Rf7 34. Kh2 Qe8 35. Qb6 Qd7 36. Qa5 Qe8 37. Qb6 Qd7 38. Qb2 Qd8 39. Qb6 Qe7 40. h5 Qd7 41. Rb7 Qe7 42. Qa7 Qd8 43. Qb6 Qd7 44. Qb3 Qc8 45. Rb8 Qa6 46. Rb6 Qa5 47. Rxd6 Qd2+ 48. Kh3 Qf2 49. Qd3 Ne8 50. Rd8 Ra7 51. Qe2 Qxe2 52. Nxe2 Kf7 53. Rc8 Ra2 54. Ng3 Ra5 55. h6 Ke7 56. Nf1 Kd7 57. Rb8 Ra4 58. Nd2 Rb4 59. Rxb4 cxb4 60. c5 Nc7 61. Kg3 Nb5 62. Kf2 Nd4 63. Ke3 b3 64. Nc4 g5 65. Kd3 Nxf3 66. Kc3 Nh2 67. Ne3 Nf3 68. Kxb3 Nd2+ 69. Kb4 Nxe4 70. Kb5 Kc7 71. Nf5 Nc3+ 72. Kc4 Nd1 73. Kb4 Kb7 74. Nd6+ Ka6 75. Ne4 f5 76. gxf5 Ne3 77. d6 Nxf5 78. d7 Ne7 79. Nxg5 Kb7 80. d8N+ Kc8 81. Ndf7 Ng6 82. Nxh7 e4 1-0

[Event "Moscow-ch rapid"]
[Site "Moscow"]
[Date "2018.12.09"]
[Round "7"]
[White "Dvalishvili, Pavel S"]
[Black "Gurvich, Vitaly"]
[Result "1/2-1/2"]
[WhiteElo "2396"]
[BlackElo "2270"]
[PlyCount "49"]
[EventDate "2018.12.08"]
[EventType "swiss (rapid)"]
[EventRounds "11"]
[EventCountry "RUS"]
[SourceTitle "CBM 187 Extra"]
[Source "ChessBase"]
[SourceDate "2018.11.04"]
[SourceVersion "1"]
[SourceVersionDate "2018.11.04"]
[SourceQuality "1"]

1. d4 Nf6 2. Nf3 g6 3. c4 Bg7 4. Nc3 0-0 5. g3 d6 6. Bg2 Bg4 7. 0-0 Nc6 8. h3 Bxf3 9. Bxf3 Nd7 10. Be3 e5 11. Bxc6 bxc6 12. Rc1 f5 13. dxe5 Nxe5 14. b3 Qe7 15. Qd2 Rfe8 16. Rfe1 a5 17. Kg2 Nd7 18. Bd4 Bxd4 19. Qxd4 Nc5 20. Rb1 Rab8 21. e3 Qf7 22. e4 f4 23. e5 fxg3 24. fxg3 Qg7 25. Rbd1 1/2-1/2

[Event "Moscow-ch rapid"]
[Site "Moscow"]
[Date "2018.12.09"]
[Round "8"]
[White "Sychev, Klementy"]
[Black "Dvalishvili, Pavel S"]
[Result "1-0"]
[WhiteElo "2537"]
[BlackElo "2396"]
[PlyCount "46"]
[EventDate "2018.12.08"]
[EventType "swiss (rapid)"]
[EventRounds "11"]
[EventCountry "RUS"]
[SourceTitle "CBM 187 Extra"]
[Source "ChessBase"]
[SourceDate "2018.11.04"]
[SourceVersion "1"]
[SourceVersionDate "2018.11.04"]
[SourceQuality "1"]

1. e4 c5 2. Nf3 d6 3. d4 cxd4 4. Nxd4 Nf6 5. Nc3 a6 6. Bg5 Nbd7 7. Bc4 Qc7 8. Bb3 h6 9. Bxf6 Nxf6 10. Qe2 e6 11. 0-0-0 Be7 12. f4 b5 13. e5 dxe5 14. fxe5 Nh7 15. h4 0-0 16. Qe3 Bb7 17. Nxe6 fxe6 18. Bxe6+ Kh8 19. Rd7 Qc6 20. Rxe7 Qxg2 21. Re1 Rad8 22. Bh3 Qc6 23. Qg3 g5 1-0

[Event "Moscow-ch rapid"]
[Site "Moscow"]
[Date "2018.12.08"]
[Round "1"]
[White "Matyunin, Maxim"]
[Black "Dvalishvili, Pavel S"]
[Result "0-1"]
[WhiteElo "2218"]
[BlackElo "2396"]
[PlyCount "97"]
[EventDate "2018.12.08"]
[EventType "swiss (rapid)"]
[EventRounds "11"]
[EventCountry "RUS"]
[SourceTitle "CBM 187 Extra"]
[Source "ChessBase"]
[SourceDate "2018.11.04"]
[SourceVersion "1"]
[SourceVersionDate "2018.11.04"]
[SourceQuality "1"]

1. d4 g6 2. Nf3 Bg7 3. c4 c5 4. d5 b5 5. Qc2 bxc4 6. Nc3 Na6 7. a3 d6 8. e4 Nf6 9. Bxc4 0-0 10. 0-0 Nd7 11. Bg5 Nc7 12. Qe2 Rb8 13. Rab1 Nb6 14. Bd3 h6 15. Bh4 g5 16. Bg3 f5 17. exf5 Bxf5 18. Bxf5 Rxf5 19. Qe4 Qd7 20. Rfd1 Rbf8 21. h4 Bxc3 22. bxc3 Ncxd5 23. hxg5 Nxc3 24. Qh4 Nxd1 25. Qxh6 R5f7 26. Rxd1 Rh7 27. Qg6+ Rg7 28. Qh6 Qf5 29. Qh2 Nd5 30. Qh4 Nf4 31. Bxf4 Qxf4 32. Qh3 Qe4 33. Re1 Rxf3 34. Qc8+ Rf8 35. Qxf8+ Kxf8 36. Rxe4 Rxg5 37. Ra4 d5 38. Rxa7 d4 39. Kf1 c4 40. Rc7 c3 41. Ke2 Rxg2 42. Kd3 e5 43. Ke4 Rxf2 44. Kxe5 Rd2 45. a4 c2 46. a5 d3 47. a6 Rd1 48. a7 Ra1 49. Rxc2 0-1